Countries that end in "ia" - Statistics

General Stats
  • This quiz has been taken 19 times
  • The average score is 21 of 39
Answer Stats
Continent / Region Country Name % Correct
Europe Austria
73%
Sub-Saharan Africa Nigeria
73%
Europe Albania
67%
Australia and Oceania Australia
67%
South America Bolivia
67%
Europe Macedonia
67%
Asia Malaysia
67%
Europe Estonia
60%
Asia Indonesia
60%
Europe Latvia
60%
Sub-Saharan Africa Liberia
60%
Europe Lithuania
60%
Asia Mongolia
60%
Europe Russia
60%
Middle East, North Africa, and Greater Arabia Somalia
60%
Middle East, North Africa, and Greater Arabia Syria
60%
Europe Armenia
53%
Europe Bosnia
53%
Europe Bulgaria
53%
Asia Cambodia
53%
South America Colombia
53%
Europe Croatia
53%
Australia and Oceania Federated States of Micronesia
53%
Sub-Saharan Africa Namibia
53%
Middle East, North Africa, and Greater Arabia Saudi Arabia
53%
Europe Serbia
53%
Europe Slovakia
53%
Europe Slovenia
53%
Middle East, North Africa, and Greater Arabia Tunisia
53%
Europe Georgia
47%
Asia India
47%
Central America and the Caribbean Saint Lucia
47%
Sub-Saharan Africa Tanzania
47%
Sub-Saharan Africa Zambia
47%
Middle East, North Africa, and Greater Arabia Algeria
40%
Sub-Saharan Africa The Gambia
40%
Sub-Saharan Africa Ethiopia
33%
Sub-Saharan Africa Mauritania
33%
Europe Romania
27%
No matching quizzes found
Score Distribution
Percent of People with Each Score
Percentile by Number Answered
Your Score History
You have not taken this quiz